| 000 | 00726nam a2200229Ia 4500 | ||
|---|---|---|---|
| 003 | GCL | ||
| 008 | 140319s9999 xx 000 0 ara d | ||
| 020 | _a7726305977 | ||
| 040 |
_aGCL / _cGCL |
||
| 082 | 0 | 4 |
_a791.43 _bص ن |
| 100 | 1 | _aصفاء الليثى | |
| 245 | 1 | 0 |
_aنادية شكرى سيدة الصحبة / _cصفاء الليثى |
| 250 | _aالاولى | ||
| 260 |
_aالقاهرة : _bصندوق التنمية الثقافية ، _c2004 |
||
| 300 |
_a174ص ؛ _c21 سم |
||
| 650 | 0 | 4 | _aالسينمائيون المصريون |
| 650 | 0 | 4 | _aالانتاج السينمائى |
| 650 | 0 | 4 | _aالسينمائيون |
| 650 | 0 | 4 | _aالسينما - مصر |
| 650 | 0 | 4 | _aنادية شكرى |
| 942 |
_2ddc _cBK |
||
| 999 |
_c7830 _d7830 |
||